Né à Nice - Statistiques

Statistiques générales
  • Ce quiz a été pris 189 fois
    52 depuis la dernière actualisation
  • Le résultat moyen est 5 sur 11
Statistiques - réponses
Réponse % Correct
Homme politique et président des Républicains depuis 2022 1965 Éric Ciotti
91%
Gardien de but, Los Angeles FC (ancien joueur de Tottenham Hotspur et l'équipe de France) 1986 Hugo Lloris
80%
Révolutionnaire italien, considéré l'un des "pères de la patrie" italienne 1807 Giuseppe Garibaldi
73%
Ancienne Présidente du Parlement européen et Membre du Conseil constitutionnel francais 1927 Simone Veil
64%
Pilote de Formule 1, il meurt après un grave accident 1989 Jules Bianchi
53%
Joeuse de tennis 1990 Alizé Cornet
42%
Chanteuse, "J'attends l'amour" "Donne-moi le temps" 1982 Jenifer
42%
Joueur de tennis 1984 Gilles Simon
38%
Écrivain et lauréat du prix Nobel de littérature, "Le Procès-verbal" "Désert" 1940 J.M.G. Le Clézio
11%
Artiste franco-américain, connu pour ses "accumulations", "L'Heure de tous" "Long Term Parking" 1928 Arman
2%
Créateur d'une version francaise du pop art 1937 Robert Malaval
0%
Aucun quiz correspondant
Distribution des résultats
% des personnes avec chaque résultat
Percentile par nombre de réponses
Votre historique - résultats
Vous n’avez pas pris ce quiz depuis la dernière actualisation